[Event "ch-Commonwealth 2012"]
[Site "Chennai IND"]
[Date "2012.11.30"]
[Round "10"]
[White "Shashaank, D.S."]
[Black "Ravichandran, Siddharth"]
[Result "0-1"]
[BlackTitle "IM"]
[WhiteElo "2166"]
[BlackElo "2381"]
[WhiteFideId "5036879"]
[BlackFideId "5010535"]
[EventDate "2012.11.23"]

1. d4 Nf6 2. Nc3 d5 3. Bg5 c5 4. Bxf6 gxf6 5. e4 dxe4 6. dxc5 f5 7. Qxd8+ Kxd8
8. Nh3 Bg7 9. O-O-O+ Bd7 10. Nd5 e6 11. Ne3 Ke7 12. Nc4 Na6 13. Na5 Nxc5 14. b4
b6 15. Nb3 Nxb3+ 16. cxb3 a5 17. bxa5 Rxa5 18. Kb1 Rha8 19. Rd2 Bc6 20. Rc2 Bd5
21. Bc4 Bxc4 22. bxc4 Ra4 23. f4 exf3 24. gxf3 Rb4+ 25. Kc1 Bh6+ 26. f4 Ra3 27.
Ng5 f6 28. h4 fxg5 29. hxg5 Bg7 30. Rxh7 Kf7 31. c5 bxc5 32. Rxc5 Kg6 33. Rh2
Rxf4 34. Rcc2 Rd3 35. Rh1 Rc3 36. Rxc3 Bxc3 37. Rh6+ Kf7 38. Kc2 Bg7 0-1

[Event "ch-Commonwealth 2012"]
[Site "Chennai IND"]
[Date "2012.11.30"]
[Round "10"]
[White "Visakh, NR"]
[Black "Karthikeyan, Murali"]
[Result "1/2-1/2"]
[WhiteElo "2152"]
[BlackElo "2329"]
[WhiteFideId "25012223"]
[BlackFideId "5074452"]
[EventDate "2012.11.23"]

1. d4 Nf6 2. c4 e6 3. Nc3 d5 4. cxd5 exd5 5. Bg5 Be7 6. e3 Nbd7 7. Bd3 h6 8. Bh4
O-O 9. Nge2 c6 10. Qc2 Re8 11. O-O b6 12. Rad1 Bb7 13. h3 Ne4 14. Bxe7 Qxe7 15.
Nxe4 dxe4 16. Bc4 Nf6 17. Nf4 Qd6 18. Qb3 Re7 19. Ng6 Rc7 20. Ne5 Rf8 21. a4 Bc8
22. Rc1 Bb7 23. Rc2 c5 24. Ng6 Rd8 25. dxc5 bxc5 26. Nf4 Ba6 27. Qc3 Bxc4 28.
Qxc4 Rcc8 29. Rfc1 Qe5 30. Qa6 Qb8 31. Qe2 Qb6 32. Qb5 Qd6 33. b4 Rb8 34. Qxc5
Rxb4 35. Qxa7 Qd7 36. Qxd7 Rxd7 37. Rc4 Rxc4 38. Rxc4 Rd1+ 39. Kh2 Rd2 40. Rc8+
Kh7 41. Rf8 Rd7 42. a5 Ra7 43. a6 g5 44. Ne6 fxe6 45. Rxf6 Rxa6 46. Rf8 Kg7 47.
Rd8 Ra2 48. Kg3 h5 49. Rd4 h4+ 50. Kh2 Rxf2 51. Rxe4 Kf6 52. Rg4 Re2 53. e4 Re1
54. g3 Re2+ 55. Kg1 hxg3 56. Rxg3 Rxe4 57. Kf2 Ra4 58. Rb3 Kf5 59. Kg3 e5 60.
Re3 e4 61. Rb3 Ra5 62. Rb8 Ra3+ 63. Kg2 Kf4 64. Rf8+ Ke3 65. Rf5 Kd2 66. Rxg5 e3
67. Re5 Ra8 68. Kf3 Rf8+ 69. Kg4 e2 70. h4 Rg8+ 71. Kf5 Ra8 72. Rxe2+ Kxe2 73.
h5 Kf3 74. h6 Ra6 75. Kg5 1/2-1/2

[Event "ch-Commonwealth 2012"]
[Site "Chennai IND"]
[Date "2012.12.01"]
[Round "11"]
[White "Tiviakov, Sergei"]
[Black "Narayanan, S.L."]
[Result "1-0"]
[WhiteTitle "GM"]
[WhiteElo "2659"]
[BlackElo "2350"]
[WhiteFideId "1008013"]
[BlackFideId "5058422"]
[EventDate "2012.11.23"]

1. e4 e5 2. Nf3 Nc6 3. Bc4 Nf6 4. d3 Be7 5. c3 O-O 6. Bb3 d6 7. h3 Na5 8. Bc2 c5
9. O-O Nc6 10. Re1 Re8 11. d4 h6 12. d5 Nb8 13. b4 Nbd7 14. Be3 Qc7 15. a4 cxb4
16. cxb4 a5 17. Na3 axb4 18. Nb5 Qb8 19. Qb1 b6 20. Qxb4 Nc5 21. Nd2 Bd7 22. Ra3
Rc8 23. Nc3 Bd8 24. Rb1 Qc7 25. Nb5 Bxb5 26. Qxb5 Ra5 27. Qb2 Rca8 28. Rba1 R5a6
29. Bxc5 bxc5 30. Nc4 Nd7 31. a5 R6a7 32. Ba4 Rb8 33. Rb3 Rab7 34. Bb5 Ra7 35.
Bxd7 Rxb3 36. Qxb3 Qxd7 37. a6 Bc7 38. Ra4 Ra8 39. a7 Bd8 40. Qa2 Bc7 41. Ra6
Qb5 42. Kh2 Qb4 43. Qa4 Qxa4 44. Rxa4 Kf8 45. Ra6 Ke7 46. Na3 c4 47. Nb5 Bd8 48.
Kg3 g6 49. Kf3 f5 50. Rc6 fxe4+ 51. Kxe4 Ba5 52. Ra6 Bd2 53. g3 c3 54. Kd3 e4+
55. Kc2 e3 56. fxe3 Bxe3 57. Rxd6 1-0

[Event "ch-Commonwealth 2012"]
[Site "Chennai IND"]
[Date "2012.12.01"]
[Round "11"]
[White "Lalith, Babu M.R."]
[Black "Karthikeyan, P."]
[Result "1-0"]
[WhiteTitle "GM"]
[BlackTitle "IM"]
[WhiteElo "2528"]
[BlackElo "2414"]
[WhiteFideId "5024595"]
[BlackFideId "5018226"]
[EventDate "2012.11.23"]

1. d4 Nf6 2. c4 g6 3. Nc3 Bg7 4. e4 d6 5. Nf3 O-O 6. h3 e5 7. d5 a5 8. Be3 Nh5
9. g3 Qe8 10. Be2 f5 11. exf5 gxf5 12. Nh4 Nf6 13. Qc2 Na6 14. a3 c6 15. O-O-O
Qd7 16. Na4 cxd5 17. Nb6 Qe8 18. Nxa8 d4 19. Nb6 dxe3 20. Nxc8 Qxc8 21. Nxf5 Qc7
22. fxe3 Ne8 23. Nxg7 Nxg7 24. Rhf1 Rxf1 25. Rxf1 Nc5 26. Bf3 Nce6 27. Bd5 1-0

[Event "ch-Commonwealth 2012"]
[Site "Chennai IND"]
[Date "2012.12.01"]
[Round "11"]
[White "Shyam, Sundar M."]
[Black "Adly, Ahmed"]
[Result "1-0"]
[WhiteTitle "IM"]
[BlackTitle "GM"]
[WhiteElo "2484"]
[BlackElo "2607"]
[WhiteFideId "5019141"]
[BlackFideId "10601619"]
[EventDate "2012.11.23"]

1. e4 c6 2. d4 d5 3. e5 Bf5 4. Nf3 e6 5. Be2 Ne7 6. O-O Nd7 7. Nh4 c5 8. dxc5
Nxe5 9. Nc3 Bg6 10. Bg5 f6 11. Be3 N5c6 12. Nb5 Nf5 13. Nxf5 Bxf5 14. c4 a6 15.
cxd5 axb5 16. dxc6 bxc6 17. Bf3 Ra6 18. Qb3 Kf7 19. h4 h6 20. Rfd1 Qc7 21. a4
Qa7 22. Bxc6 Rxc6 23. axb5 Qb8 24. Qc4 Rc7 25. c6 Be7 26. Bf4 g5 27. Bxc7 Qxc7
28. Rd7 Qe5 29. Qb4 Re8 30. c7 Kg6 31. Rxe7 Rg8 32. h5+ Kxh5 33. b6 g4 34. g3
Be4 35. b7 Qf5 36. c8=Q Qf3 37. Qxe4 1-0

[Event "ch-Commonwealth 2012"]
[Site "Chennai IND"]
[Date "2012.12.01"]
[Round "11"]
[White "Lintchevski, Daniil"]
[Black "Aravindh, Chithambaram VR."]
[Result "1-0"]
[WhiteTitle "GM"]
[BlackTitle "FM"]
[WhiteElo "2555"]
[BlackElo "2311"]
[WhiteFideId "4171055"]
[BlackFideId "5072786"]
[EventDate "2012.11.23"]

1. e4 c5 2. Nf3 Nc6 3. d4 cxd4 4. Nxd4 Nf6 5. Nc3 e5 6. Ndb5 d6 7. Bg5 a6 8. Na3
b5 9. Nd5 Be7 10. Bxf6 Bxf6 11. c4 b4 12. Nc2 O-O 13. h4 Rb8 14. b3 g6 15. g3
Bg7 16. h5 Qg5 17. Qc1 Qxc1+ 18. Rxc1 Bh6 19. Rd1 Kg7 20. hxg6 hxg6 21. Bh3 Bb7
22. Bg2 Rfd8 23. Ke2 Bc8 24. Rh2 a5 25. Nc7 Be6 26. Bh3 Bxh3 27. Rxh3 a4 28.
Rdh1 Rh8 29. g4 axb3 30. axb3 Na5 31. Na6 Ra8 32. Naxb4 Nb7 33. Nd3 Na5 34. Nde1
Rab8 35. Na1 f6 36. Nec2 Rb6 37. Ne3 Nc6 38. Nac2 Rxb3 39. Nf5+ gxf5 40. Rxb3
fxe4 41. g5 fxg5 42. Rb7+ Kg6 43. Rd7 Rd8 44. Rxd8 Nxd8 45. Ke3 Ne6 46. Kxe4
Nc5+ 47. Kd5 Nd3 48. Kxd6 Nxf2 49. Rf1 Ne4+ 50. Kxe5 Nd2 51. c5 Nxf1 52. c6 Nd2
53. Kd5 Nb1 54. c7 Nc3+ 55. Kc6 Nd5 56. Kxd5 1-0

[Event "ch-Commonwealth 2012"]
[Site "Chennai IND"]
[Date "2012.12.01"]
[Round "11"]
[White "Ram, S. Krishnan"]
[Black "Oleksienko, Mikhailo"]
[Result "1-0"]
[BlackTitle "GM"]
[WhiteElo "2269"]
[BlackElo "2551"]
[WhiteFideId "5010519"]
[BlackFideId "4152417"]
[EventDate "2012.11.23"]

1. d4 Nf6 2. c4 c5 3. d5 e6 4. Nc3 exd5 5. cxd5 d6 6. h3 g6 7. Nf3 Bg7 8. e4 a6
9. a4 Nbd7 10. Bd3 Nh5 11. O-O Ne5 12. Bc2 Nxf3+ 13. Qxf3 O-O 14. g4 Nf6 15. Qg3
Nd7 16. f4 Rb8 17. e5 dxe5 18. f5 b5 19. axb5 axb5 20. g5 Rb6 21. f6 Nxf6 22.
gxf6 Rxf6 23. Rxf6 Qxf6 24. Bg5 Qd6 25. Rd1 f6 26. Be3 c4 27. Ne4 Qb4 28. Bc5
Qxb2 29. Qf2 f5 30. Bxf8 Bxf8 31. d6 fxe4 32. d7 Bxd7 33. Rxd7 Qc1+ 34. Kh2 Qf4+
35. Qxf4 exf4 36. Bxe4 c3 37. Kg2 b4 38. Kf3 Kh8 39. Bc2 1-0

[Event "ch-Commonwealth 2012"]
[Site "Chennai IND"]
[Date "2012.12.01"]
[Round "11"]
[White "Venkatesh, M.R."]
[Black "G., Akash"]
[Result "1/2-1/2"]
[WhiteTitle "GM"]
[WhiteElo "2520"]
[BlackElo "2404"]
[WhiteFideId "5005779"]
[BlackFideId "5040299"]
[EventDate "2012.11.23"]

1. e4 c5 2. b3 g6 3. Bb2 Nf6 4. e5 Nd5 5. Qf3 Nb4 6. Na3 Bg7 7. e6 O-O 8. Bxg7
Kxg7 9. Qc3+ f6 10. Qxc5 N8a6 11. Bxa6 Nxa6 12. Qe3 d5 13. Nb5 Qb6 14. Nd4 Nc5
15. Nge2 Nxe6 16. f4 Re8 17. O-O Nxd4 18. Nxd4 e5 19. Rae1 Bg4 20. fxe5 fxe5 21.
Nf3 Qxe3+ 22. Rxe3 Bxf3 23. gxf3 Rac8 24. c3 d4 25. Rd3 Red8 26. Re1 Kf6 27. Kf2
dxc3 28. Rxd8 Rxd8 29. dxc3 Rd3 30. Re3 Rd2+ 31. Re2 Rd3 1/2-1/2

[Event "ch-Commonwealth 2012"]
[Site "Chennai IND"]
[Date "2012.12.01"]
[Round "11"]
[White "Navin, Kanna"]
[Black "Arun Prasad, S."]
[Result "1/2-1/2"]
[BlackTitle "GM"]
[WhiteElo "2402"]
[BlackElo "2513"]
[WhiteFideId "5015294"]
[BlackFideId "5011167"]
[EventDate "2012.11.23"]

1. e4 c5 2. c3 d5 3. exd5 Qxd5 4. d4 Nc6 5. Nf3 Bf5 6. Be3 Nf6 7. h3 O-O-O 8.
Na3 cxd4 9. Nxd4 e6 10. Nab5 Bc5 11. Qb3 Bxd4 12. Nxd4 Nxd4 13. Bxd4 Qe4+ 14.
Be2 Kb8 15. Kf1 Qc6 16. Qb5 Be4 17. Qe5+ Ka8 18. f3 Rd5 19. Qg3 Bg6 20. Qf2 a6
21. f4 Ne4 22. Qe3 Rhd8 23. Kg1 f6 24. Kh2 e5 25. fxe5 fxe5 1/2-1/2

[Event "ch-Commonwealth 2012"]
[Site "Chennai IND"]
[Date "2012.12.01"]
[Round "11"]
[White "Paragua, Mark"]
[Black "Senador, Emmanuel"]
[Result "1-0"]
[WhiteTitle "GM"]
[BlackTitle "IM"]
[WhiteElo "2532"]
[BlackElo "2352"]
[WhiteFideId "5201241"]
[BlackFideId "5200601"]
[EventDate "2012.11.23"]

1. e4 Nf6 2. e5 Nd5 3. d4 d6 4. c4 Nb6 5. f4 dxe5 6. fxe5 Bf5 7. Nc3 e6 8. Be3
Bb4 9. Nf3 O-O 10. a3 Bxc3+ 11. bxc3 Nc6 12. Be2 Bg6 13. O-O Ne7 14. Bf2 c5 15.
a4 cxd4 16. cxd4 Qc7 17. a5 Nd7 18. d5 Nf5 19. d6 Qc6 20. Nd4 Nxd4 21. Qxd4 Rfc8
22. Bf3 Qa6 23. Qb2 Rab8 24. Qb5 Qxb5 25. cxb5 b6 26. axb6 axb6 27. Bc6 Nxe5 28.
d7 Rd8 29. Bg3 f6 30. Rfe1 Kf7 31. Rxe5 fxe5 32. Rf1+ 1-0

[Event "ch-Commonwealth 2012"]
[Site "Chennai IND"]
[Date "2012.12.01"]
[Round "11"]
[White "Ravichandran, Siddharth"]
[Black "Deepan, Chakkravarthy J."]
[Result "0-1"]
[WhiteTitle "IM"]
[BlackTitle "GM"]
[WhiteElo "2381"]
[BlackElo "2500"]
[WhiteFideId "5010535"]
[BlackFideId "5011132"]
[EventDate "2012.11.23"]

1. e4 c5 2. Nc3 d6 3. f4 Nc6 4. Nf3 g6 5. Bb5 Bg7 6. O-O Bd7 7. Bxc6 Bxc6 8. d3
Nh6 9. f5 Qd7 10. d4 Ng4 11. h3 h5 12. d5 Bb5 13. Nxb5 Qxb5 14. hxg4 hxg4 15. f6
Bxf6 16. e5 dxe5 17. Ng5 Qc4 18. Qd3 Qxd3 19. cxd3 Bxg5 20. Bxg5 Rd8 21. b4 Rxd5
22. Rac1 f6 23. Be3 Rxd3 24. Rxc5 Kd7 25. Kf2 b6 26. Rc4 f5 27. Ke2 Ra3 28. Rd1+
Ke6 29. Rd2 Rh2 30. Kf2 f4 31. Bxf4 exf4 32. Rxf4 g3+ 33. Ke1 Rh1+ 34. Ke2 Rg1 0-1

[Event "ch-Commonwealth 2012"]
[Site "Chennai IND"]
[Date "2012.12.01"]
[Round "11"]
[White "Ashwin, Jayaram"]
[Black "Das, Sayantan"]
[Result "1-0"]
[WhiteTitle "IM"]
[BlackTitle "FM"]
[WhiteElo "2488"]
[BlackElo "2339"]
[WhiteFideId "5018137"]
[BlackFideId "5034426"]
[EventDate "2012.11.23"]

1. d4 d5 2. Nf3 c6 3. c4 e6 4. Qc2 Nf6 5. Bg5 Nbd7 6. e3 Qa5+ 7. Nbd2 Ne4 8. Bh4
Bb4 9. a3 g5 10. Bg3 g4 11. Qc1 gxf3 12. axb4 Qxb4 13. gxf3 Nxd2 14. Qxd2 Qxd2+
15. Kxd2 Ke7 16. c5 b5 17. Bd6+ Ke8 18. Rg1 Nf6 19. Bd3 a5 20. b3 Rg8 21. Rxg8+
Nxg8 22. Bxh7 Nf6 23. Bc2 Kd7 24. Be5 Ke7 25. Bc7 Ne8 26. Bxa5 Bd7 27. b4 Nf6
28. Rg1 Rc8 29. Bb6 Ra8 30. Bc7 Ne8 31. Bf4 Ra2 32. Kc3 f5 33. h4 Kf8 34. h5 Bc8
35. Bb8 Nf6 36. h6 1-0

[Event "ch-Commonwealth 2012"]
[Site "Chennai IND"]
[Date "2012.12.01"]
[Round "11"]
[White "Neelotpal, Das"]
[Black "Abhilash, Reddy M.L."]
[Result "1-0"]
[WhiteTitle "GM"]
[WhiteElo "2467"]
[BlackElo "2269"]
[WhiteFideId "5003512"]
[BlackFideId "5024668"]
[EventDate "2012.11.23"]

1. d4 Nf6 2. c4 d6 3. Nc3 c6 4. e4 Nbd7 5. Nf3 e5 6. Be2 Be7 7. O-O O-O 8. Be3
a6 9. d5 c5 10. Ne1 Ne8 11. Qd2 g6 12. Nd3 b6 13. b4 Ng7 14. f4 exf4 15. Bxf4 f6
16. Bh6 Ne5 17. Nxe5 fxe5 18. Rfb1 Bh4 19. g3 Bf6 20. a4 Qc7 21. bxc5 bxc5 22.
a5 Bd8 23. Na4 Ra7 24. Nb6 Bh3 25. Bf1 Bg4 26. Bg2 Qe7 27. h3 Bd7 28. Kh2 Rb7
29. Ra3 Re8 30. Rab3 Nh5 31. Rf1 Bxb6 32. axb6 Bc8 33. Rbf3 Ng7 34. Qf2 1-0

[Event "ch-Commonwealth 2012"]
[Site "Chennai IND"]
[Date "2012.12.01"]
[Round "11"]
[White "Krishna, C.R.G."]
[Black "Laxman, R.R."]
[Result "1-0"]
[BlackTitle "GM"]
[WhiteElo "2327"]
[BlackElo "2461"]
[WhiteFideId "5018625"]
[BlackFideId "5005361"]
[EventDate "2012.11.23"]

1. d4 d5 2. c4 e6 3. Nf3 Nf6 4. g3 Bb4+ 5. Bd2 Be7 6. Bg2 O-O 7. O-O c6 8. Qc2
b6 9. Bf4 Bb7 10. Rd1 Nbd7 11. Nc3 dxc4 12. Ne5 Nd5 13. Nxc4 Nxf4 14. gxf4 Qc7
15. e3 Rac8 16. Rd2 Nf6 17. Rad1 g6 18. Ne5 Rfd8 19. Qb3 Bf8 20. Qc4 Nd5 21. Ne4
Qe7 22. Qa4 Bg7 23. Nc3 Ba8 24. Ne4 Rc7 25. Rc2 Rdc8 26. a3 c5 27. dxc5 bxc5 28.
Nc4 h6 29. Qa5 Kh7 30. Rdc1 Rb8 31. Ne5 f6 32. Nd3 f5 33. Nexc5 g5 34. fxg5 hxg5
35. e4 fxe4 36. Nxe4 Rxc2 37. Rxc2 Rf8 38. Qc5 Kg6 39. Qxe7 Nxe7 40. Rc7 Nf5 41.
Nec5 Bd5 42. Rxa7 Nd4 43. Bxd5 exd5 44. Rd7 Nf3+ 45. Kg2 Nh4+ 46. Kf1 Rf5 47. b4
Nf3 48. b5 Nd2+ 49. Ke2 Nc4 50. a4 Bc3 51. Nb7 d4 52. Nd6 1-0

[Event "ch-Commonwealth 2012"]
[Site "Chennai IND"]
[Date "2012.12.01"]
[Round "11"]
[White "Padmini, Rout"]
[Black "Dimakiling, Oliver"]
[Result "1-0"]
[WhiteTitle "WGM"]
[BlackTitle "IM"]
[WhiteElo "2326"]
[BlackElo "2453"]
[WhiteFideId "5029295"]
[BlackFideId "5202248"]
[EventDate "2012.11.23"]

1. e4 c5 2. Nf3 a6 3. Nc3 d6 4. d4 cxd4 5. Nxd4 e5 6. Nf5 Bxf5 7. exf5 Nf6 8.
Bg5 Nbd7 9. Bc4 Rc8 10. Bb3 Be7 11. O-O Nc5 12. Bxf6 Bxf6 13. Bd5 O-O 14. Rb1 a5
15. a3 a4 16. Ne4 Nxe4 17. Bxe4 Rc4 18. Bd5 Rd4 19. Qf3 Rd2 20. c4 Qb6 21. b3 e4
22. Bxe4 axb3 23. Qxb3 Qc5 24. Bd5 b5 25. Qxb5 Qxa3 26. Qd7 h6 27. Bxf7+ Kh8 28.
Be6 Qd3 29. Rbe1 Qc2 30. Bd5 Be5 31. f6 Qg6 32. f7 Rb2 33. f4 Bd4+ 34. Kh1 Rbb8
35. f5 Qh5 36. Qxd6 Rbd8 37. Qg6 Qg5 38. Qxg5 hxg5 39. g4 g6 40. f6 Rxd5 41.
cxd5 Rxf7 42. Re8+ Kh7 43. Re7 Kg8 44. Rxf7 Kxf7 45. d6 1-0

[Event "ch-Commonwealth 2012"]
[Site "Chennai IND"]
[Date "2012.12.01"]
[Round "11"]
[White "Ikeda, Junta"]
[Black "Narayanan, Srinath"]
[Result "1/2-1/2"]
[WhiteTitle "FM"]
[BlackTitle "IM"]
[WhiteElo "2304"]
[BlackElo "2438"]
[WhiteFideId "3204731"]
[BlackFideId "5018420"]
[EventDate "2012.11.23"]

1. Nf3 c5 2. c4 Nc6 3. e3 e5 4. Nc3 Nf6 5. a3 d5 6. cxd5 Nxd5 7. Qc2 Nc7 8. Bd3
g6 9. Be4 Qd6 10. O-O Bg7 11. b3 f5 12. Bxc6+ Qxc6 13. Bb2 b6 14. Ne2 Bb7 15.
Ne1 O-O 16. f4 e4 17. Bxg7 Kxg7 18. Rf2 Rad8 19. Rc1 Rf6 20. Qb2 Qd7 21. g4 fxg4
22. Ng3 Kf7 23. f5 Ne8 24. Ng2 g5 25. Qc2 Nd6 26. Qd1 h5 27. Nxh5 Rxf5 28. Rxf5+
Qxf5 29. Qe2 Ke7 30. Rf1 Qc8 31. Qe1 Rf8 32. Rxf8 Qxf8 33. Qa1 Ke6 34. b4 Ba6
35. bxc5 bxc5 36. Ng3 Qf6 37. Qc1 Qe5 38. Qd1 Kd5 39. Qxg4 Qa1+ 40. Kf2 Qc1 41.
Qxg5+ Kc6 42. Nf4 Qxd2+ 43. Nge2 Qd1 1/2-1/2

[Event "ch-Commonwealth 2012"]
[Site "Chennai IND"]
[Date "2012.12.01"]
[Round "11"]
[White "Rathnakaran, K."]
[Black "Manigandan, S S"]
[Result "1-0"]
[WhiteTitle "IM"]
[WhiteElo "2430"]
[BlackElo "2082"]
[WhiteFideId "5005507"]
[BlackFideId "5034981"]
[EventDate "2012.11.23"]

1. e4 e6 2. d3 c5 3. g3 Nc6 4. Bg2 g6 5. c3 Bg7 6. Be3 d6 7. Ne2 Nge7 8. Qd2 e5
9. Na3 O-O 10. h4 h5 11. Nc2 Be6 12. f3 f5 13. exf5 gxf5 14. Bh6 Qe8 15. Bxg7
Kxg7 16. Bh3 Qg6 17. Rg1 Kf7 18. d4 cxd4 19. cxd4 Nd5 20. f4 e4 21. a3 Nce7 22.
Bf1 Rfc8 23. Nc3 Kg7 24. Be2 Nxc3 25. bxc3 Nd5 26. c4 e3 27. Nxe3 Nxe3 28. Qxe3
Bxc4 29. Qe7+ Kh8 30. Qg5 Qxg5 31. hxg5 Re8 32. Rg2 Re4 33. Kf1 Rxd4 34. Bxc4
Rxc4 35. Rh2 Kg7 36. Rxh5 Re8 37. Re1 Rxe1+ 38. Kxe1 Rc3 39. Kf2 Rxa3 40. Rh6
Rd3 41. Re6 Rb3 42. Rxd6 a5 43. Rd5 a4 44. Rxf5 a3 45. Ra5 b5 46. f5 b4 47. Ra7+
Kg8 48. f6 Rc3 49. g6 Rc8 50. Rg7+ Kf8 51. Rh7 Rc2+ 52. Ke3 Rc3+ 53. Ke4 Ke8 54.
f7+ Ke7 55. Rh8 1-0

[Event "ch-Commonwealth 2012"]
[Site "Chennai IND"]
[Date "2012.12.01"]
[Round "11"]
[White "Kathmale, Sameer"]
[Black "Garcia, Jan Emmanuel"]
[Result "0-1"]
[BlackTitle "IM"]
[WhiteElo "2281"]
[BlackElo "2394"]
[WhiteFideId "5024498"]
[BlackFideId "5200750"]
[EventDate "2012.11.23"]

1. e4 d6 2. d4 Nf6 3. Nc3 g6 4. f3 c6 5. a4 Nbd7 6. Be3 e5 7. Bc4 Bg7 8. Qd2 O-O
9. Nge2 Re8 10. O-O-O Qe7 11. d5 c5 12. h4 a6 13. Kb1 b5 14. axb5 Nb6 15. Ba2
Qb7 16. Bh6 axb5 17. Bxg7 Kxg7 18. Nc1 b4 19. N3e2 Qe7 20. g4 Ba6 21. Ng3 Ng8
22. h5 Bc4 23. hxg6 Bxa2+ 24. Nxa2 fxg6 25. Qh2 h6 26. Rdg1 Qa7 27. Nf5+ Kf8 28.
Nxd6 Qxa2+ 29. Kc1 Qa1+ 30. Kd2 Qxb2 31. Ke3 Ra3+ 32. Kf2 Qxc2+ 33. Kg3 Qxh2+
34. Rxh2 Rea8 35. Rc2 Nd7 36. Nb5 Rd3 37. Nc7 Raa3 38. Rf1 b3 39. Rcc1 Ngf6 40.
Kg2 Rd2+ 41. Rf2 Raa2 42. Rxd2 Rxd2+ 43. Kg3 b2 0-1

[Event "ch-Commonwealth 2012"]
[Site "Chennai IND"]
[Date "2012.12.01"]
[Round "11"]
[White "Praneeth, Surya K."]
[Black "Thejkumar, M. S."]
[Result "0-1"]
[BlackTitle "IM"]
[WhiteElo "2246"]
[BlackElo "2442"]
[WhiteFideId "5091411"]
[BlackFideId "5009154"]
[EventDate "2012.11.23"]

1. e4 c6 2. d4 d5 3. Nc3 dxe4 4. Nxe4 Bf5 5. Ng3 Bg6 6. h4 h6 7. Nh3 e6 8. Nf4
Bh7 9. Bc4 Nf6 10. c3 Nbd7 11. O-O Nb6 12. Bb3 Bd6 13. Qf3 O-O 14. Re1 Nbd5 15.
c4 Nxf4 16. Bxf4 Bxf4 17. Qxf4 a5 18. Re2 Qb8 19. Qe3 Rd8 20. Bc2 Bxc2 21. Rxc2
b5 22. b3 Ra7 23. Rd1 Rad7 24. Rcd2 bxc4 25. bxc4 Qb4 26. c5 Rd5 27. Rd3 Qb8 28.
Nf1 Rf5 29. Qe1 Qc7 30. Ne3 Rh5 31. g3 e5 32. d5 e4 33. d6 Qd7 34. Ra3 g5 35.
Qxa5 gxh4 36. Qc3 Ng4 37. Nf1 Ne5 38. Nh2 hxg3 39. fxg3 Qh3 40. Qd2 Nc4 41. g4
Qxa3 42. Qf2 Rh3 0-1

[Event "ch-Commonwealth 2012"]
[Site "Chennai IND"]
[Date "2012.12.01"]
[Round "11"]
[White "Sundararajan, Kidambi"]
[Black "Karma, Pandya"]
[Result "1-0"]
[WhiteTitle "GM"]
[WhiteElo "2434"]
[BlackElo "2153"]
[WhiteFideId "5005370"]
[BlackFideId "5030331"]
[EventDate "2012.11.23"]

1. c4 c5 2. Nf3 Nc6 3. Nc3 Nf6 4. g3 d5 5. cxd5 Nxd5 6. Bg2 Nc7 7. O-O e5 8. a3
a5 9. e3 Be7 10. b3 Bf5 11. Ne1 O-O 12. Bb2 Qd7 13. Rc1 Rad8 14. Na4 Bg4 15.
Bxc6 bxc6 16. f3 Be6 17. Bxe5 Nd5 18. Qc2 f6 19. Ba1 Nc7 20. Rf2 c4 21. Nb6 Qd6
22. Nxc4 Qd5 23. Ng2 Bf7 24. Nf4 Qb5 25. a4 Qa6 26. Bc3 Bb4 27. Bxb4 axb4 28.
Nd3 Bg6 29. e4 f5 30. Nxb4 Qb7 31. Na5 1-0

[Event "ch-Commonwealth 2012"]
[Site "Chennai IND"]
[Date "2012.12.01"]
[Round "11"]
[White "Navalgund, Niranjan"]
[Black "Tania, Sachdev"]
[Result "1-0"]
[BlackTitle "IM"]
[WhiteElo "2149"]
[BlackElo "2400"]
[WhiteFideId "5030854"]
[BlackFideId "5007844"]
[EventDate "2012.11.23"]

1. d4 Nf6 2. c4 e6 3. Nf3 d5 4. Nc3 Be7 5. Bg5 h6 6. Bh4 O-O 7. e3 Ne4 8. Bxe7
Qxe7 9. Rc1 Nxc3 10. Rxc3 c6 11. g4 Nd7 12. h4 e5 13. cxd5 cxd5 14. dxe5 Nxe5
15. Nxe5 Qxe5 16. Bg2 Rd8 17. f4 Qe7 18. Rd3 h5 19. gxh5 Bf5 20. Rb3 d4 21. O-O
dxe3 22. Qe2 Re8 23. Re1 Qxh4 24. Rxe3 Rxe3 25. Qxe3 Qxh5 26. Qf3 Qh4 27. Re5 g6
28. Qe3 Qg4 29. Kf2 Be6 30. Rg5 Qh4+ 31. Qg3 Qxg3+ 32. Rxg3 Rc8 33. Ra3 Rc2+ 34.
Kg3 Rxb2 35. Rxa7 b5 36. a3 Kg7 37. Bc6 Kf6 38. Kf3 Bc4 39. Be4 Rb3+ 40. Kf2
Rb2+ 41. Ke3 Ra2 42. Kd4 Rd2+ 43. Ke3 Rd6 44. Ra5 Ke6 45. Ra7 f5 46. Bf3 Kf6 47.
Kf2 g5 48. Kg3 Rd3 49. Ra6+ Ke7 50. fxg5 Bd5 51. Kf4 Rxf3+ 52. Ke5 Bc4 53. Ra7+
Kd8 54. g6 Kc8 55. a4 Kb8 56. Ra5 b4 57. Rc5 Bd3 58. Rd5 Rg3 59. g7 Be4 60. Rb5+
Kc7 61. Kf6 Kd6 62. Rxb4 Bd5 63. a5 Rf3 64. Rd4 Rg3 65. a6 1-0

[Event "ch-Commonwealth 2012"]
[Site "Chennai IND"]
[Date "2012.12.01"]
[Round "11"]
[White "Chandika, Divyasree"]
[Black "Akshat, Khamparia"]
[Result "0-1"]
[WhiteTitle "WFM"]
[BlackTitle "IM"]
[WhiteElo "2145"]
[BlackElo "2398"]
[WhiteFideId "5024552"]
[BlackFideId "5016541"]
[EventDate "2012.11.23"]

1. e4 c5 2. Nf3 g6 3. Bc4 Bg7 4. c3 e6 5. d4 cxd4 6. cxd4 d5 7. exd5 exd5 8.
Bb5+ Bd7 9. Bxd7+ Nxd7 10. O-O Ne7 11. Re1 O-O 12. Nc3 Re8 13. Bg5 Nf6 14. Qd2
Qd7 15. Ne5 Qf5 16. Bh6 Bxh6 17. Qxh6 Nc6 18. Nxc6 bxc6 19. Rac1 Rxe1+ 20. Rxe1
Re8 21. Rxe8+ Nxe8 22. h3 Nc7 23. Qh4 Ne6 24. Qe7 c5 25. dxc5 d4 26. c6 dxc3 27.
c7 Nxc7 28. Qxc7 c2 29. Qc3 h5 30. b4 Kf8 31. a4 Ke8 32. Qc6+ Kd8 33. Qc3 Qc8
34. Qd2+ Ke8 35. Qc1 Qc4 36. Kh2 Kf8 37. b5 Qxa4 38. Qe3 Qc4 39. Qc1 Kg8 40. g3
Qc5 41. Kg1 Qc4 42. Kh2 Qb3 43. Qd2 Qb2 44. Qd8+ Kg7 0-1

[Event "ch-Commonwealth 2012"]
[Site "Chennai IND"]
[Date "2012.12.01"]
[Round "11"]
[White "Nitin, S."]
[Black "Harihara Sudan, M"]
[Result "1-0"]
[WhiteTitle "IM"]
[WhiteElo "2398"]
[BlackElo "2113"]
[WhiteFideId "5018277"]
[BlackFideId "5045312"]
[EventDate "2012.11.23"]

1. Nf3 Nf6 2. g3 d5 3. Bg2 e6 4. O-O Be7 5. c4 a6 6. b3 b5 7. Bb2 O-O 8. d3 Bb7
9. cxd5 Bxd5 10. Nbd2 Nbd7 11. Rc1 c5 12. e4 Bb7 13. Qe2 Qb6 14. Rc2 Rac8 15.
Rfc1 Rfd8 16. a3 Ne8 17. h4 Nb8 18. h5 h6 19. Ne5 Nc6 20. Nxc6 Bxc6 21. Nf3 Bb7
22. Ne5 Qd6 23. Rd1 Bf6 24. f4 a5 25. Kh2 Ba6 26. Nxf7 Kxf7 27. e5 Qe7 28. Qg4
b4 29. Be4 Kf8 30. Bg6 Bb5 31. Re2 Bd7 32. Rde1 Rc6 33. a4 Bc8 34. Bxe8 Rxe8 35.
exf6 gxf6 36. Qg6 Qg7 37. Bxf6 Qxg6 38. hxg6 Ba6 39. Re3 Rd6 40. f5 Bxd3 41. Rd1
exf5 42. g7+ 1-0